Cuadros de historia / (Record no. 139022)

MARC details
000 -LEADER
campo de control de longitud fija 00875nam a2200241 i 4500
001 - NÚMERO DE CONTROL
campo de control 139022
003 - IDENTIFICADOR DE NÚMERO DE CONTROL
campo de control ES-MaACL
005 - FECHA Y HORA DE LA ÚLTIMA TRANSACCIÓN
campo de control 20260122130741.0
007 - CAMPO FIJO DE DESCRIPCIÓN FÍSICA--INFORMACIÓN GENERAL
campo de control de longitud fija t|
008 - DATOS DE LONGITUD FIJA--INFORMACIÓN GENERAL
campo de control de longitud fija 070214s1908 sp |||| | spa d
080 ## - NÚMERO DE LA CLASIFICACIÓN DECIMAL UNIVERSAL
Número de la Clasificación Decimal Universal 94(460)(089.3)
100 1# - ENTRADA PRINCIPAL--NOMBRE DE PERSONA
Nombre de persona Saralegui y Medina, Manuel de.
9 (RLIN) 103752
245 10 - MENCIÓN DEL TÍTULO
Título Cuadros de historia /
Mención de responsabilidad, etc. Manuel de Saralegui y Medina ; prólogo de Juan Catalina García.
260 ## - PUBLICACIÓN, DISTRIBUCIÓN, ETC.
Lugar de publicación, distribución, etc. Madrid :
Nombre del editor, distribuidor, etc. [s.n.],
Fecha de publicación, distribución, etc. 1908 (
Fabricante Imp. Hijos de M.G. Hernández)
300 ## - DESCRIPCIÓN FÍSICA
Extensión 210 p. ;
Dimensiones 19 cm.
530 ## - NOTA DISPONIBLE DE FORMULARIO FÍSICO ADICIONAL
Nota de formato físico adicional disponible Disponible en formato digital.
651 #4 - PUNTO DE ACCESO ADICIONAL DE MATERIA--NOMBRE GEOGRÁFICO
Nombre geográfico España-
Subdivisión de forma Misceláneas.
9 (RLIN) 8386
700 1# - ENTRADA AGREGADA--NOMBRE PERSONAL
Nombre de persona García, Juan Catalina,
Fechas asociadas al nombre 1845-1911
9 (RLIN) 54060
852 ## - LOCALIZACIÓN
Ubicación ES-MaACL
Número de control de estantería G-14637
Ubicación en estantería Sala Pecera Planta 3
856 4# - LOCALIZACIÓN Y ACCESO ELECTRÓNICOS
Identificador Uniforme de Recursos <a href="http://bnedigital.bne.es/bd/es/card?id=705f817c-acca-445a-9620-abcd3abf9d2a">http://bnedigital.bne.es/bd/es/card?id=705f817c-acca-445a-9620-abcd3abf9d2a</a>
Texto de enlace (Biblioteca Digital Hispánica)
942 ## - ELEMENTOS DE ENTRADA SECUNDARIOS (KOHA)
Fuente del sistema de clasificación o colocación Clasificación decimal universal
Holdings
Estatus retirado Estado de pérdida Estado de daño No para préstamo Colección Biblioteca de origen Biblioteca actual Ubicación en estantería Fecha de adquisición Fuente de adquisición Total de préstamos Signatura topográfica completa Código de barras Visto por última vez Precio de reemplazo Tipo de ítem Koha
        Colección digital Biblioteca del Ateneo de Madrid Biblioteca del Ateneo de Madrid Sala Pecera Planta 3 17/01/2008     G-14637 1144673 23/02/2023 23/02/2023 Libro impreso